000 00401nam a2200145Ia 4500
008 230917s9999||||xx |||||||||||||| ||und||
040 _e186694
_aMAIN
041 _aEnglish
082 _a352.054 S64L
100 _aSingh, S S
245 0 _aLegislative status of panchayati raj in India
260 _aNew Delhi
_bIndian Institute of Public Administration
_c1997
300 _ax, 561 p.
942 _cBK
999 _c133820
_d133820